01063nam a2200217Ia 4500001000700000008004100007020001800048082001400066245012700080260002300207300001000230440007700240500018800317503002200505504002100527650001700548650003500565650004600600700011700646710008200763Z_4219220601s9999 xx 000 0 und d a968-24-1120-3 a633.2 C85 aCultivos forrajeros / Johan D. Berlijn y Abel E. Bernardon; colaborador F. R. Kirchner Salinas; F. Orozco Luna, revisión aMéxico : Trillas a80 p. aManuales para educación agropecuaria: Área producción vegetal ; 19 aBasado en el trabajo de Johan D. Berlijn y Abel E. BernardonEste manaual ha sido elaborado dentro de un proyecto de cooperación técnica internacional de la DGETA, SEP, FAO Y PNUD. aej.1: - ej.3: C/E aIncluye índice a1. Forrajes  aPlantas forrajeras - Manuales  aPlantas forrajesras - Cultivos - Manuales aI. Berlijn, Johan D. \ II. Bernardon, Abel E. \ III. Kirchner Salinas, F. R., colab. \ IV. Orozco Luna, F., rev. aV. México. Dirección General de Educación Tecnológica AgropecuariaÌ